| 000 | 03988cam a2200565 i 4500 | ||
|---|---|---|---|
| 001 | on1045497110 | ||
| 003 | TZ-ArACH | ||
| 005 | 20230921155642.0 | ||
| 008 | 180808t20182018enk b 001 0 eng d | ||
| 010 | _a 2018954429 | ||
| 015 |
_aGBB8N5743 _2bnb |
||
| 016 | 7 |
_a019174409 _2Uk |
|
| 020 |
_a9781788113038 _q(cased) |
||
| 020 |
_a1788113039 _q(cased) |
||
| 020 |
_z9781788113045 _q(eBook) |
||
| 035 | _a(OCoLC)1045497110 | ||
| 040 |
_aYDX _beng _erda _cTZ-ArACH |
||
| 042 | _alccopycat | ||
| 043 |
_an------ _as------ _ad------ |
||
| 049 | _aTZAA | ||
| 050 | 0 | 0 |
_aKDZ579 _b.P39 2018 |
| 100 | 1 |
_aPaz González, Isaac de, _eauthor. |
|
| 245 | 1 | 4 |
_aSocial rights jurisprudence in the Inter-American Court of Human Rights : _bshadow and light in international human rights / _cIsaac De Paz González, Autonomous University of Baja, California, Mexico. |
| 260 |
_aCheltenham, UK ; _aNorthampton, MA, USA : _bEdward Elgar Publishing, _c2018. |
||
| 300 |
_axxi, 231 pages ; _c25 cm. _b24 cm |
||
| 490 | 1 | _aElgar studies in human rights | |
| 504 | _aIncludes bibliographical references and index. | ||
| 504 | _aIncludes bibliographical references (pages 200-215) and index. | ||
| 505 | 0 | _aConstitutional law and international human rights law in the Inter-American system : approaches, tensions and setting the social rights scene -- Indigenous rights : old issues, new methods? : protecting excluded groups -- Deprivation of life and marginalisation : trends in children's social rights -- Jurisprudence on the right to health and education -- Labour rights : the path to a direct interpretation of Article 26 ACHR -- Slavery and poverty on trial : light and shadow. | |
| 520 | _a"The Inter-American Court of Human Rights continues to build justiciability to determine the social rights of marginalised individuals and groups in the Americas. In this engaging book, Isaac de Paz Gonz�alez unveils the abilities, and the practices of the Inter-American Court's contribution to human rights policy in the Global South. This innovative book offers a thorough and complete examination of the Inter-American Court's jurisprudence over its forty years of existence, within the framework of Economic and Social Rights (ESR). The author offers a concise discussion of both the historic and landmark cases in regards to ESR, and its theoretical basis, as well as giving insight into how to further improve and protect the lives of the most vulnerable people in the Americas. This book also exposes the possibility of enforcing legal remedies for poverty and structural discrimination in order to seek social justice. Contemporary and insightful, this book will be vital reading for legal scholars and students interested in human rights more broadly, as well as social justice and social rights specialists. Judges, practitioners and policymakers will also find this book a thought-provoking read"-- | ||
| 610 | 2 | 0 | _aInter-American Court of Human Rights. |
| 610 | 2 | 7 |
_aInter-American Court of Human Rights. _2fast |
| 650 | 0 |
_aSociological jurisprudence _zAmerica. |
|
| 650 | 0 |
_aInternational human rights courts _zAmerica. |
|
| 650 | 0 |
_aHuman rights _zAmerica. |
|
| 650 | 0 |
_aSocial rights _zAmerica. |
|
| 650 | 0 |
_aSocial rights _zDeveloping countries. |
|
| 650 | 0 |
_aHuman rights _zDeveloping countries. _95425 |
|
| 650 | 0 | _aMarginality, Social. | |
| 650 | 7 |
_aHuman rights. _2fast |
|
| 650 | 7 |
_aInternational human rights courts. _2fast |
|
| 650 | 7 |
_aSociological jurisprudence. _2fast |
|
| 650 | 7 |
_aMarginality, Social. _2fast |
|
| 650 | 7 |
_aSocial rights. _2fast |
|
| 651 | 7 |
_aAmerica. _2fast |
|
| 651 | 7 |
_aDeveloping countries. _2fast _915935 |
|
| 776 | 0 | 8 |
_iOnline version: _aPaz González, Isaac de. _tSocial rights jurisprudence in the Inter-American Court of Human Rights. _dCheltenham, UK ; Northampton, Massachusetts : Edward Elgar Publishing Limited, 2018 _z9781788113045 _w(OCoLC)1078923331 |
| 830 | 0 | _aElgar studies in human rights. | |
| 942 |
_2lcc _cBOOK |
||
| 999 |
_c6508 _d6508 |
||